[Event "SUI-chT"]
[Site "SUI"]
[Date "1995.??.??"]
[Round "1"]
[White "Miralles, Gilles"]
[Black "Kelecevic, Nedeljko"]
[Result "1/2-1/2"]
[WhiteElo "2455"]
[BlackElo "2435"]
[PlyCount "67"]
[EventDate "1995.??.??"]
[Source "ChessBase"]

1. d4 Nf6 2. c4 e6 3. Nf3 d5 4. Nc3 Be7 5. Bg5 O-O 6. e3 dxc4 7. Bxc4 c5 8. O-O Nc6 9. a3 cxd4 10. exd4 b6 11. Qd3 Bb7 12. Rad1 a6 13. Ba2 b5 14. Ne5 Qc7 15. Bb1 g6 16. Rfe1 Rad8 17. Qh3 Nxe5 18. dxe5 Rxd1 19. Nxd1 Nd5 20. Qh4 Bxg5 21. Qxg5 Qa5 22. Re2 Rc8 23. Be4 Qa4 24. Re1 b4 25. Bxd5 Bxd5 26. Ne3 bxa3 27. bxa3 Qe4 28. Rd1 h5 29. f3 Qa4 30. Rd3 Qb5 31. Nxd5 Qxd3 32. Ne7+ Kf8 33. Nxc8 Qd4+ 34. Kf1 1/2-1/2